000
00204 a2200097 4500
001
22648
100
_a
Shinner, S M
245
_a
control system Design
260
_a
_b
Viley
_c
1964
090
_c
15301
_d
15301
942
_a
NUST-CAE
_c
M
_c
5894
999
_c
257721
_d
257721